000 01323nam a22003857a 4500
003 CHAP
005 20220329133533.0
008 971013s1992 r 00010 d
010 _a7574
011 _a8546
035 _a7775
040 _cCHAP
082 _a595.7072
_bO7 1992
110 _aOrganismo Internacional de Energía Atómica
_983512
245 _aLaboratory training manual on the use of nuclear techniques in insect research and control
250 _a3 ed
260 _aVienna :
_bThe Agency,
_c1992
300 _a183 p
490 _aTechnical report series
_v; 336
590 _aBATCH-UPD
_b10
_c20130110
_lUCH01
_h0253
590 _aBATCH-UPD
_b10
_c20130110
_lUCH01
_h1414
590 _aBATCH-UPD
_b10
_c20130409
_lUCH01
_h2323
590 _aBATCH-UPD
_b10
_c20130410
_lUCH01
_h1527
590 _aBATCH-UPD
_b10
_c20130914
_lUCH01
_h1040
590 _aCONVERSION
_b10
_c20130109
_lUCH01
_h1305
650 1 4 _aControl de plagas.
_927595
650 1 4 _aEntomología
_xManuales de laboratorio.
_937133
650 1 4 _aEsterilidad en insectos.
_938291
650 1 4 _aRadiación
_xEfecto en insectos.
_993670
650 1 4 _aRadioisótopos.
_993701
830 0 _aTechnical report series
_v; 336
_9111909
901 _aBK
942 _cLIBRO
949 _a595.7072 O7 1992
_bBC
_cLIBRO
_d33724000370102
_eLIBRO
_h84409
_i7775
_si
999 _c7574
_d7574